000
00208 a2200097 4500
001
52383
100
_a
245
_a
The Wisdom of the Prophets
260
_a
Lahore
_b
Suhail Academy
_c
090
_c
32958
_d
32958
942
_a
NUST-CAE
_c
_c
25511
999
_c
287456
_d
287456